000 00537nam a2200181 i 4500
001 91458
003 ES-MaACL
005 20250630154448.0
007 t|
008 050131s1972 sp ||||1| spa d
100 1 _aLewis, John.
_972059
245 1 0 _aBertrand Russell, filósofo y humanista /
_cJohn Lewis ; [traducción de Javier Alfaya].
260 _a[Madrid] :
_bAyuso,
_c[1972]
300 _a117 p. ;
_c19 cm.
700 1 _aAlfaya, Javier,
_d1939-2018
_919827
852 _aES-MaACL
_jC-50647
_bR.82315
999 _c91458
_d91458